000 00683nam a2200253Ia 4500
003 OSt
005 20221007074140.0
006 a|||||r|||| 00| 0
007 ta
008 221006b |||||||| |||| 00| 0 eng d
024 _a4,925
037 _cTextual
040 _aFLL
_cFLL
_beng
041 _2eng
_aeng
082 _aZ2:83, L2
100 _aKrishnamurthi Au.
_9229640
245 0 _aIndian stamp act
250 _a4th
260 _aMadras
_bMadras law journal office India
_c1972
300 _a1217p
_ccm.
700 _a Mathrubutham R. Au.
_9681251
942 _hZ2:83, L2
_cTEXL
_2CC
999 _c1151335
_d1151335